MARC

LEADER 00000nam0a2200000 4500
001 358172
005 20231102011051.0
035 |a (RuTPU)RU\TPU\retro\15440 
090 |a 358172 
100 |a 20200813d1981 m y0rusy50 ca 
101 0 |a rus 
102 |a RU 
105 |a a j 001zy 
200 1 |a Судовые комбинированные энергетические установки  |e учебное пособие для вузов  |f А. Г. Курзон, Б. С. Юдовин  |g под ред. А. Г. Курзона 
210 |a Ленинград  |c Судостроение  |d 1981 
215 |a 214 с.  |c ил. 
320 |a Библиогр.: с. 207-211 
606 1 |a Судовые энергетические установки  |2 stltpush  |3 (RuTPU)RU\TPU\subj\58222  |9 76029 
610 1 |a учебные пособия 
610 1 |a комбинированные устройства 
610 1 |a судовая энергетика 
610 1 |a паротурбинные установки 
610 1 |a газовые турбины 
610 1 |a проектирование 
610 1 |a дизель-турбинные установки 
610 1 |a теплоутилизаторы 
610 1 |a форсажные камеры 
675 |a 629.12-8(075.8)  |v 4 
700 1 |a Курзон  |b А. Г.  |g Ананий Григорьевич 
701 1 |a Юдовин  |b Б. С.  |g Борис Соломонович 
702 1 |a Курзон  |b А. Г.  |4 340 
801 1 |a RU  |b 63413507  |c 20200813 
801 2 |a RU  |b 63413507  |c 20210318  |g RCR 
942 |c BK